Staletí různých měn končí

História vzniku mien. Vznik franku, marky, guldenu, pesety, escuda, šilingu a libry. ECU a EURO.

Saved in:
Bibliographic Details
Main Author: Syruček, Milan
Format: Book Chapter
Language:Czech
Subjects:
Tags: Add Tag
No Tags, Be the first to tag this record!

MARC

LEADER 00000naa a2200000 4500
001 r034008
005 20230920095738.7
041 0 |a cze 
044 |a CZ 
245 1 0 |a Staletí různých měn končí  |c Milan Syruček 
520 |a História vzniku mien. Vznik franku, marky, guldenu, pesety, escuda, šilingu a libry. ECU a EURO. 
610 2 0 |a mena 
610 2 0 |a história 
610 2 0 |a ECU 
610 2 0 |a euro 
610 2 0 |a frank 
610 2 0 |a gulden 
610 2 0 |a marka 
610 2 0 |a šiling 
610 2 0 |a peseta 
610 2 0 |a líra 
100 1 |a Syruček, Milan